000 00664nam a2200241 i 4500
003 DO-SdBNP
005 20240301140157.0
007 ta
008 240221b2006 dr ||||| |||| 00| 0 spa d
020 _a8772479302
040 _aDO-SdBNP
_bspa
_cBNPHU
_erda
082 4 _222
_bH673
100 1 _aCabral, Lucía Amelia
_929009
245 1 0 _aHistoria de la biblia
264 _aChicago :
_bLa Liga Biblica,
_c2006.
300 _a256 páginas :
_bilustraciones ;
_c23 cm.
336 _2rdacontent
_atexto
_btxt
337 _2rdamedia
_asin mediación
_bn
338 _2rdacarrier
_avolumen
_bnc
590 _aInventariado, 2024/DG
910 _aDG
942 _2ddc
_cLBS1
999 _c55984
_d55984